400 Fifth Avenue : (Record no. 157439)

MARC details
000 -LEADER
fixed length control field 01364cam a2200349 i 4500
001 - CONTROL NUMBER
control field vtls003258681
003 - CONTROL NUMBER IDENTIFIER
control field MY-SjTCS
005 - DATE AND TIME OF LATEST TRANSACTION
control field 20200226120016.0
008 - FIXED-LENGTH DATA ELEMENTS--GENERAL INFORMATION
fixed length control field 141121s2013 nyuae b 000 0 eng
020 ## - INTERNATIONAL STANDARD BOOK NUMBER
International Standard Book Number 9780847841226 (hardback)
039 #9 - LEVEL OF BIBLIOGRAPHIC CONTROL AND CODING DETAIL [OBSOLETE]
Level of rules in bibliographic description 201809071351
Level of effort used to assign nonsubject heading access points VLOAD
Level of effort used to assign subject headings 201506031402
Level of effort used to assign classification shuhada
Level of effort used to assign subject headings 201506031351
Level of effort used to assign classification shuhada
Level of effort used to assign subject headings 201506031350
Level of effort used to assign classification shuhada
-- 201411211707
-- malathy
040 ## - CATALOGING SOURCE
Description conventions rda
043 ## - GEOGRAPHIC AREA CODE
Geographic area code n-us-ny
082 04 - DEWEY DECIMAL CLASSIFICATION NUMBER
Classification number 725.2097471
Item number FOU 2013
245 00 - TITLE STATEMENT
Title 400 Fifth Avenue :
Remainder of title a new Gwathmey Siegel landmark /
Statement of responsibility, etc. foreword, Robert Siegel ; introduction, Paul Goldberger ; photography, Evan Joseph ; edited by Brad Collins.
246 3# - VARYING FORM OF TITLE
Title proper/short title Four hundred Fifth Avenue
264 #1 - PRODUCTION, PUBLICATION, DISTRIBUTION, MANUFACTURE, AND COPYRIGHT NOTICE
Place of production, publication, distribution, manufacture New York :
Name of producer, publisher, distributor, manufacturer Rizzoli International Publications, Inc.,
Date of production, publication, distribution, manufacture, or copyright notice [2013]
264 #4 - PRODUCTION, PUBLICATION, DISTRIBUTION, MANUFACTURE, AND COPYRIGHT NOTICE
Date of production, publication, distribution, manufacture, or copyright notice ©2013
300 ## - PHYSICAL DESCRIPTION
Extent 216 pages :
Other physical details colour illustrations, plans ;
Dimensions 31cm
336 ## - CONTENT TYPE
Content type term text
Source rdacontent
336 ## - CONTENT TYPE
Content type term still image
Source rdacontent
337 ## - MEDIA TYPE
Media type term unmediated
Source rdamedia
338 ## - CARRIER TYPE
Carrier type term volume
Source rdacarrier
610 20 - SUBJECT ADDED ENTRY--CORPORATE NAME
Corporate name or jurisdiction name as entry element Gwathmey Siegel & Associates Architects.
9 (RLIN) 17351
650 #0 - SUBJECT ADDED ENTRY--TOPICAL TERM
Topical term or geographic name entry element Architecture
Geographic subdivision New York (State)
-- New York.
9 (RLIN) 14982
650 #0 - SUBJECT ADDED ENTRY--TOPICAL TERM
Topical term or geographic name entry element Buildings
Geographic subdivision New York (State)
-- New York.
9 (RLIN) 14983
700 1# - ADDED ENTRY--PERSONAL NAME
Personal name Goldberger, Paul.
9 (RLIN) 29750
700 1# - ADDED ENTRY--PERSONAL NAME
Personal name Joseph, Evan.
9 (RLIN) 74253
700 1# - ADDED ENTRY--PERSONAL NAME
Personal name Siegel, Robert
Fuller form of name (Robert H.),
Dates associated with a name 1939-
9 (RLIN) 74254
700 1# - ADDED ENTRY--PERSONAL NAME
Personal name Collins, Brad.
9 (RLIN) 15558
920 ## - Programme
Programme SOD : 214989
Holdings
Withdrawn status Lost status Source of classification or shelving scheme Damaged status Not for loan Home library Current library Date acquired Cost, normal purchase price Total Checkouts Barcode Date last seen Date last checked out Copy number Uniform Resource Identifier Cost, replacement price Koha item type Public note
    Dewey Decimal Classification     Taylor's Library-TU Taylor's Library-TU 06/12/2014 343.57 2 5000151842 05/12/2019 17/08/2015 1 Floor 4, Shelf 31 , Side 1, TierNo 4, BayNo 4 343.57 Main Collection TDSxx,29005,03,CL | SABDx,29005,03,CL